| 000 | 01375cam a2200313 a 4500 | ||
|---|---|---|---|
| 999 |
_c10460 _d10460 |
||
| 001 | 15751957 | ||
| 003 | GBCCL | ||
| 005 | 20241126110732.0 | ||
| 008 | 090527s2009 ilu b 001 0 eng | ||
| 010 | _a 2009021519 | ||
| 020 | _a9780830829040 (cloth : alk. paper) | ||
| 040 |
_aDLC _cDLC _dDLC |
||
| 041 | 1 |
_aeng _hlat |
|
| 050 | 0 | 0 |
_aBR65.A323 _bA43213 2009 |
| 082 | 0 | 0 |
_a220.7 _a227/.077 _222 _bANC |
| 100 | 0 |
_aAmbrosiaster. _918206 |
|
| 240 | 1 | 0 |
_aCommentarius in XIII Epistulas Paulinas. _nPars 3. _lEnglish |
| 245 | 1 | 0 |
_aCommentaries on Galatians-Philemon / _ctranslated and edited by Gerald L. Bray. |
| 260 |
_aDowners Grove, Ill. : _bIVP Academic, _cc2009. |
||
| 300 |
_axxii, 166 p. ; _c26 cm. |
||
| 490 | 0 | _aAncient Christian texts | |
| 504 | _aIncludes bibliographical references and index. | ||
| 505 | 0 | _aCommentary on Galatians -- Commentary on Ephesians -- Commentary on Philippians -- Commentary on Colossians -- Commentary on 1 Thessalonians -- Commentary on 2 Thessalonians -- Commentary on 1 Timothy -- Commentary on 2 Timothy -- Commentary on Titus -- Commentary on Philemon. | |
| 630 | 0 | 0 |
_aBible. _pEpistles of Paul _vCommentaries. _918207 |
| 700 | 1 |
_aBray, Gerald Lewis. _91900 |
|
| 906 |
_a7 _bcbc _corignew _d1 _eecip _f20 _gy-gencatlg |
||
| 942 |
_2ddc _cREF |
||